| 000 | 00747cam a2200217 a 4500 | ||
|---|---|---|---|
| 001 | 000014493 | ||
| 005 | 20200929163846.0 | ||
| 008 | 770217s1970 mx 000 |bspa | ||
| 040 |
_aDO-SdBNP _cDLC _dDLC |
||
| 041 | _aBNGR | ||
| 050 | 0 | 0 |
_aF1466.5.Y3 _bY3 |
| 082 |
_axxx _bF954C |
||
| 245 | 0 | 0 |
_aYdigoras Fuentes : _bante la faz de sus contemporaneos / _cMiguel Angel Cospin. |
| 260 |
_aMéxico, D. F. : _bLey, _cc1970. |
||
| 300 |
_a159 p. ; _c23 cm. |
||
| 600 | 2 | 0 |
_aMiguel Angel Cospin _xMiscellanea. _932729 |
| 650 | 0 |
_aPresidents _zGuatemala _xBiography _xMiscellanea. _932730 |
|
| 651 | 0 |
_aGuatemala _xPolitics And Government _y1945-1985 _xMiscellanea. _932731 |
|
| 700 | 1 |
_aCospin, Miguel Angel. _932732 |
|
| 910 | _aCatalogación por copia / LC | ||
| 999 |
_c14082 _d14082 |
||